|
|
|
|
| LEADER |
01629nam a2200337 a 4500 |
| 001 |
c000002642 |
| 003 |
CARM |
| 005 |
00000000000000.0 |
| 008 |
s1982 enkacfh 00110ceng d |
| 019 |
1 |
|
|a 2793126
|z 12403720
|z 12403720
|5 LACONCORD2021
|
| 020 |
|
|
|a 0436288559
|
| 035 |
|
|
|a (OCoLC)59237710
|5 LACONCORD2021
|
| 040 |
|
|
|a WLB
|c WLB
|
| 041 |
1 |
|
|a engrus
|
| 100 |
1 |
|
|a Pasternak, Boris Leonidovich,
|d 1890-1960.
|
| 240 |
1 |
0 |
|a Correspondence.
|l English
|
| 245 |
1 |
4 |
|a The correspondence of Boris Pasternak and Olga Freidenberg, 1910-1954 /
|c compiled and edited, with an introduction, by Elliott Mossman ; translated by Elliott Mossman and Margaret Wettlin.
|
| 260 |
|
|
|a London :
|b Secker & Warburg,
|c 1982.
|
| 300 |
|
|
|a xxiv, 365 p., [50] p. of plates :
|b ill., facsims., ports. ;
|c 25 cm.
|
| 500 |
|
|
|a Originally published in Russian as: Boris Pasternak : Perepiska s Ol'goi Freidenberg. New York : Harcourt Brace Jovanovich, c1981.
|
| 500 |
|
|
|a Also published in English: New York : Harcourt Brace Jovanovich, 1982.
|
| 500 |
|
|
|a Includes index.
|
| 600 |
1 |
0 |
|a Pasternak, Boris Leonidovich,
|d 1890-1960
|x Correspondence.
|
| 600 |
1 |
0 |
|a Freidenberg, O. M.
|q (Ol'ga Mikhailovna),
|d 1890-1955.
|
| 650 |
|
0 |
|a Authors, Russian
|y 20th century
|x Correspondence.
|
| 700 |
1 |
|
|a Freidenberg, O. M.
|q (Olga Mikhailovna),
|d 1890-1955.
|
| 700 |
1 |
|
|a Mossman, Elliott.
|
| 852 |
8 |
|
|b CARM
|h A2:AI24F0
|i C04427
|p 0183723
|f BK
|
| 082 |
0 |
4 |
|a 891.7142
|2 19
|
| 999 |
f |
f |
|i 200c4543-beaf-5dc7-b7a2-17c3fd5c575d
|s 7585f263-2736-589a-94b4-b2d290b7df49
|
| 952 |
f |
f |
|p Can circulate
|a CAVAL
|b CAVAL
|c CAVAL
|d CARM 1 Store
|e C04427
|f A2:AI24F0
|h Other scheme
|i book
|m 0183723
|